000 00306nam a2200121Ia 4500
008 220120s9999||||xx |||||||||||||| ||und||
082 _a823 CHI
100 _aChild, Lee
_911961
245 2 _aA wanted man : a Reacher novel
260 _aDell
_bNew Delhi
_c2013
300 _a341p.
_b0
650 _aMATHEMATICS
999 _c137509
_d137509